01001cam a22002654a 450000500170000000800410001702000150005802000180007304000290009104100080012004400070012808200160013524501110015125000220026226000690028430000680035349000390042150400620046065000240052265000390054665000380058565000340062365000360065770000420069320160217162256.0030331s2006 ck a b 000 0 spa c a9588231892 a9789588231891 aSTFcSTFdDLCdCO-BoIAVH aspa ack04a634.9bB61u00aBiología, uso y manejo del arboloco :b(Montanoa quadrangularis) /cLuis Miguel Alvarez Mejía, editor. aSegunda edición aManizales (Colombia) :bEditorial Universidad de Caldas,cc2006. a316 páginas :bilustraciones (algunas a color) ;c24 x 17 cm.0 aColección Ciencias agropecuarias aIncluye referencias bibliográficas (páginas 305-316).16aMontanoazColombia.26aMontanoaxUtilizaciónzColombia.26aPlantasxUtilizaciónzColombia.26aÁrbolesxCultivozColombia.26aÁrboles maderableszColombia.1 aAlvarez Mejía, Luis Miguel,eeditor